|
|
|
|
| LEADER |
00000cam a2200000 a 4500 |
| 001 |
vtls008407122 |
| 003 |
SK-MaSNL |
| 005 |
20260302074817.0 |
| 008 |
250312s1947 xo g 000 p slo |
| 015 |
|
|
|a SNBA19451955-014092
|
| 035 |
|
|
|a SK01SNKBKSFS20020099339
|
| 035 |
|
|
|a urn:nbn:sk:snk-am3hma4
|
| 035 |
|
|
|a 91A2A934-1270-4CD7-801E-3DE48AAC76B9
|
| 035 |
|
|
|a urn:nbn:sk:snk-am00d5d3
|
| 035 |
|
|
|a SKM000101802
|
| 040 |
|
|
|a SNK
|b slo
|c SNK
|e AACR2
|
| 041 |
0 |
|
|a slo
|
| 044 |
|
|
|a xo
|c SK
|
| 080 |
|
|
|a 885.4-1
|2 1981
|
| 100 |
1 |
|
|a Zborovjan, Julo,
|d 1921-1974
|4 aut
|9 116934
|
| 245 |
1 |
0 |
|a Slávik a ruža
|c Julo Zborovjan ; [ilustrovala Etela Ižófová]
|
| 260 |
|
|
|a Trnava
|b Spolok sv. Vojtecha
|c 1947
|e Trnava
|f Spolok Sv. Vojtecha
|
| 300 |
|
|
|a 31, [1] s.
|c 8°
|
| 655 |
|
7 |
|a slovenská poézia
|2 SNKPH
|9 70444
|
| 655 |
|
7 |
|a epická poézia
|2 SNKPH
|9 70640
|
| 655 |
|
7 |
|a veršované rozprávky
|2 SNK
|9 289642
|
| 700 |
1 |
|
|a Ižófová, Etela,
|d 1915-1990
|4 ill
|9 309262
|
| 852 |
|
|
|a Slovenská národná knižnica
|
| 954 |
|
|
|a beletria pôvodná (slovenská)
|2 lita
|
| 958 |
|
|
|a OND
|
| 958 |
|
|
|a RK
|
| 958 |
|
|
|a TL
|
| 999 |
|
|
|c 1166607
|d 1168537
|
| 952 |
|
|
|a SNK
|b SNK
|y PREZ
|7 0
|p 17A0234733
|o snkSD 5783
|i snk5488/47
|0 0
|1 0
|4 0
|d 2008-01-22
|f 1
|l 0
|r 2025-11-13 00:00:00
|w 2026-02-24
|
| 952 |
|
|
|a SNK
|b SNK
|y VYP
|7 0
|p 17A0186539
|o snkSD 5783 D1
|i snkKSF 80/56
|8 5
|0 0
|1 0
|4 0
|d 2008-01-22
|l 0
|r 2026-02-24 20:50:51
|w 2026-02-24
|
| 952 |
|
|
|a SNK
|b SNK
|y VYP
|7 0
|p 17A0572202
|o snkSD 5783 D2
|i snkD 673/60
|8 1
|0 0
|1 0
|4 0
|d 2008-01-22
|l 0
|r 2026-02-24 20:50:51
|w 2026-02-24
|
| 952 |
|
|
|a SNKLM
|b SNKLM
|y NEVYP
|7 0
|o snklmMK 938
|i snklm 537/78
|8 7
|0 0
|1 0
|4 0
|d 2008-01-22
|l 0
|r 2026-02-24 20:50:51
|w 2026-02-24
|